Image to Country - Multiple Choice #1 - Statistics

General Stats
  • This quiz has been taken 51,698 times
  • The average score is 11 of 16
Answer Stats
Question Answer % Correct
Which of these images is of Japan?
98%
Which of these images is of the United Kingdom?
94%
Which of these images is of the United States?
91%
Which of these images is of Cuba?
91%
Which of these images is of China?
84%
Which of these images is of Iceland?
83%
Which of these images is of Egypt?
79%
Which of these images is of Tanzania?
76%
Which of these images is of Spain?
74%
Which of these images is of Russia?
71%
Which of these images is of the Philippines?
59%
Which of these images is of Cambodia?
57%
Which of these images is of Tunisia?
38%
Which of these images is of New Zealand?
36%
Which of these images is of Canada?
21%
Which of these images is of Brazil?
17%
No matching quizzes found
Score Distribution
Percent of People with Each Score
Percentile by Number Answered
Your Score History
You have not taken this quiz